Microeconomía: teoría y aplicaciones

Saved in:
Bibliografiske detaljer
Hovedforfatter: Hirshleifer, Jack (Author)
Format: Bog
Sprog:spansk
Udgivet: Ciudad de México Prentice-Hall Hispanoamericana 1988
Udgivelse:2a. ed
Fag:
Tags: Tilføj Tag
Ingen Tags, Vær først til at tagge denne postø!

MARC

LEADER 00000nam a2200000 a 4500
001 UCV4554
003 CL-VaPUC
008 880712e19880000MX |||||||||||||||||spa|d
082 0 4 |a 338.5  |b HIR  |2 21 
100 |a Hirshleifer, Jack  |e author  |9 409188 
245 1 0 |a Microeconomía: teoría y aplicaciones 
250 |a 2a. ed 
300 |a 639 p 
942 |c BK 
945 |d 19880712 00:00:00 
260 |a Ciudad de México  |b Prentice-Hall Hispanoamericana  |c 1988 
650 0 |a Microeconomía  |9 258126 
583 |a last modification  |c 20160104 00:44:07  |k Rodrigo Vera 
999 |c 211317  |d 211315